W którym roku ukazała się ta piosenka? #1 - Statystyki

Ogólne statystyki
  • Ten quiz został rozwiązany 19 razy
  • Średni wynik to 10 z 20
Statystyki odpowiedzi
Piosenka Wykonawca muzyczny Rok % Poprawnych
Thriller Michael Jackson 1982
89%
Hello Adele 2015
89%
Y.M.C.A. Village People 1978
72%
I Kissed a Girl Katy Perry 2008
72%
Umbrella Rihanna 2007
67%
Gangnam Style Psy 2012
67%
Bohemian Rhapsody Queen 1975
56%
Smells Like Teen Spirit Nirvana 1991
56%
Purple Rain Prince 1984
50%
Uptown Funk Mark Ronson 2014
50%
Anti-Hero Taylor Swift 2022
44%
Like a Virgin Madonna 1984
39%
Wonderwall Oasis 1995
39%
Every Breath You Take The Police 1983
33%
Waterfalls TLC 1995
33%
Purple Haze Jimi Hendrix 1967
22%
Hey Ya! Outkast 2003
22%
Mr. Brightside The Killers 2004
22%
That'll Be the Day Buddy Holly 1957
17%
Disco Inferno The Trammps 1976
11%
Nie znaleziono quizów pasujących do podanych kryteriów
Rozkład punktacji
Procent ludzi z każdym wynikiem
Percentyl według liczby udzielonych odpowiedzi
Twoja historia wyników
Nie rozwiązałeś tego quizu